000 00344 a2200157 4500
001 68004
020 _a9783190018803
040 _cAnchieta - Pituba
100 _aKrenn, Wilfried
240 1 0 _aMotive A1 - arbeitsbuch
_lpor
245 1 0 _aMotive A1 - arbeitsbuch
300 _a66
362 0 _a2015
650 4 _aLíngua alemã
942 _cBK
999 _c68004
_d68004